000 00834nam a2200265 a 4500
001 BRL_1230
005 20190320211109.0
008 021213s1960----mx-a######---#000-0#spa-#
041 _aspa
044 _amx
050 4 _aF1219.3.A6
_b.P5 1960
100 1 _aPiña Chan, Román
_9819
245 1 0 _aMesoamérica
_bensayo histórico cultural
_cRomán Piña Chan.
260 _aMéxico
_bI.N.A.H.
_c1960
300 _a178 p.
_bil.
_c31 cm.
440 0 _aInstituto Nacional de Antropología e Historia. Memorias
_v6
_926191
500 _aAu1433
500 _aIncluye índice de ilustraciones y alfabético
500 _aEstado físico: camisa rasgada.
504 _aBibliografía: p. 164
650 1 4 _aIndígenas de México
_zAntigüedades
_926192
650 1 4 _aIndígenas
_zAntigüedades
_926193
902 _aGRL
942 _2lcc
_cB
999 _c10042
_d10042